00550nam a22001577a 450000500170000001000150001702000260003203500140005803700130007208200140008510000160009924501550011526000320027027000680030230000220037020220309103150.0 aENG-131892 a9781646785704c360.00 aEN-115424 bDBAD/PUB a230.36b1 aPrabhu, K V aPower of Symbols:bA Guide and a Reference Book for All Genuine Reiki Channels and Spiritualist Who wants to Improve His Power in Healing/cK V Prabhu bNotion PressaChennaic2019 aOld No. 38, New No. 6, Mcnichols Road, ChetpetbChennaie600031 a222p.c22 cm(pbk)